Podróż po miastach województwa pomorskiego - Statystyki

Ogólne statystyki
  • Ten quiz został rozwiązany 132 razy
  • Średni wynik to 10 z 19
Odpowiedzi na mapie
Odpowiedzi zakodowano w zielono-czerwonej skali na mapie do tego quizu, zgodnie z poniższymi procentami.
 
Statystyki odpowiedzi
Trasa % Poprawnych
Początek {Sopot}
100%
Gdańsk
99%
Pruszcz Gdański
83%
Kartuzy
66%
Kościerzyna
60%
Żukowo
57%
Tczew
54%
Malbork
49%
Starogard Gdański
43%
Koniec {Nowy Dwór Gdański}
40%
Sztum
40%
Pelplin
38%
Czersk
37%
Gniew
35%
Brusy
33%
Czarna Woda
33%
Skórcz
32%
Nowy Staw
30%
Skarszewy
30%
Nie znaleziono quizów pasujących do podanych kryteriów
Rozkład punktacji
Procent ludzi z każdym wynikiem
Percentyl według liczby udzielonych odpowiedzi
Twoja historia wyników
Nie rozwiązałeś tego quizu